Esaïe 53 - Statistiques

Statistiques générales
  • Ce quiz a été pris 10 fois
  • Le résultat moyen est 156 sur 395
Statistiques - réponses
Indices Réponses % Correct
Le
100%
le
100%
de
88%
Dieu
88%
Dieu,
88%
sa
88%
un
88%
a
75%
à
75%
A
75%
des
75%
est
75%
et
75%
Et
75%
les
75%
mon
75%
pas
75%
se
75%
ce
63%
ces
63%
donne
63%
en
63%
il
63%
Il
63%
la
63%
l'a
63%
5 | 10 Mais
63%
n'a
63%
nous
63%
6 Nous
63%
on
63%
7 On
63%
ou
63%
par
63%
que
63%
1 Qui
63%
qui
63%
une
63%
2 | 11 Car
50%
car
50%
c'est
50%
dit
50%
mort
50%
ni
50%
notre
50%
ses
50%
sommes
50%
son
50%
tu
50%
agneau
38%
avec
38%
comme
38%
cru
38%
dans
38%
été
38%
fait
38%
homme
38%
je
38%
lui,
38%
lui
38%
mot.
38%
peuple
38%
pour
38%
sont
38%
sur
38%
tous
38%
tous.
38%
tout
38%
vie
38%
Bien
25%
brebis,
25%
brebis
25%
cause
25%
chargé,
25%
commis.
25%
commis
25%
douleur
25%
était
25%
étions
25%
fautes
25%
fautes.
25%
grand
25%
habitué
25%
hommes,
25%
Juste,
25%
l'abattoir,
25%
leurs
25%
mené
25%
mensonge.
25%
message ?
25%
n'avait
25%
nos
25%
paix
25%
péchés
25%
plu
25%
pourquoi
25%
pris
25%
qu'il
25%
rien
25%
semblable
25%
Semblable
25%
souffrance.
25%
toi,
25%
vérité,
25%
abandonné
13%
alors
13%
après
13%
attirer.
13%
aucun
13%
avoir
13%
beauté
13%
blessures
13%
cas
13%
ceux
13%
chacun
13%
châtiment
13%
criminels
13%
devant
13%
d'un
13%
errants,
13%
frappé
13%
frappé,
13%
guéris.
13%
humilié.
13%
humilié,
13%
jamais
13%
jours
13%
jusqu'à
13%
l'Eternel ?
13%
l'Eternel,
13%
l'Eternel
13%
l'Eternel.
13%
livré
13%
lumière,
13%
méprisé,
13%
mis
13%
nombre,
13%
Oui,
13%
parce
13%
pareils,
13%
parmi
13%
prestance
13%
pût
13%
retombé
13%
riches,
13%
sacrifice
13%
sépulcre
13%
sera
13%
serviteur,
13%
s'est
13%
sol
13%
souffert,
13%
tant
13%
tombeau
13%
verra
13%
violence
13%
yeux.
13%
accomplira
0%
aies
0%
allait
0%
aride.
0%
aspect
0%
attention
0%
beaucoup
0%
brisé.
0%
briser
0%
butin
0%
chargera
0%
chemin :
0%
comblé.
0%
compter
0%
connaîtront,
0%
coupables.
0%
d'acte
0%
déclarera
0%
dépouillé
0%
descendance.
0%
désire
0%
détourne
0%
donnerai
0%
faveur
0%
gens
0%
grandi
0%
intervenu
0%
jeune
0%
justes
0%
laissé
0%
l'avait
0%
lesquels
0%
lèvres
0%
longs
0%
lui-même
0%
maladies
0%
malfaiteurs,
0%
muette
0%
multitude,
0%
n'avaient
0%
n'avons
0%
nombreux :
0%
part
0%
partagera
0%
pensions
0%
percé,
0%
4 Pourtant,
0%
pousse
0%
prises
0%
prononcé
0%
propre
0%
puissance
0%
puni,
0%
racine
0%
réparation,
0%
retenir
0%
retomber
0%
révélée
0%
sortant
0%
souffrances
0%
succès
0%
tondent,
0%
valeur.
0%
vivra
0%
12 Voilà
0%
Aucun quiz correspondant
Distribution des résultats
% des personnes avec chaque résultat
Percentile par nombre de réponses
Votre historique - résultats
Vous n’avez pas pris ce quiz